[Event "1. Ernst Stoeckl Gedenkturnier"]
[Site "?"]
[Date "2002.02.04"]
[Round "3.1"]
[White "Steiner, Johann"]
[Black "Srienz, Christian"]
[Result "1/2-1/2"]
[WhiteElo "2007"]
[BlackElo "2145"]
[PlyCount "50"]
[EventDate "2002.??.??"]

1. e4 c5 2. Nf3 Nc6 3. d4 cxd4 4. Nxd4 Nf6 5. Nc3 e5 6. Ndb5 d6 7. Bg5 a6 8.
Na3 b5 9. Nd5 Qa5+ 10. Bd2 Qd8 11. Bg5 Be7 12. Nxe7 Nxe7 13. Bxf6 gxf6 14. c3
f5 15. Bd3 fxe4 16. Bxe4 d5 17. Bc2 Be6 18. Qh5 Qc7 19. O-O Rg8 20. Rfe1 e4 21.
Bb3 Bg4 22. Qh6 Bf3 23. g3 Rg6 24. Qh3 h5 25. Bd1 Bxd1 1/2-1/2

[Event "1. Ernst Stoeckl Gedenkturnier"]
[Site "?"]
[Date "2002.02.04"]
[Round "3.1"]
[White "Hirsch, Adolf Jun"]
[Black "Hangweyrer, Roman"]
[Result "1-0"]
[WhiteElo "2071"]
[BlackElo "2081"]
[PlyCount "57"]
[EventDate "2002.??.??"]

1. Nf3 Nf6 2. g3 g6 3. Bg2 Bg7 4. d4 O-O 5. c4 d6 6. O-O c5 7. dxc5 dxc5 8. Nc3
Nc6 9. Bf4 Be6 10. Ne5 Na5 11. Qa4 Nh5 12. Rfd1 Qb6 13. Nd5 Bxd5 14. cxd5 Nxf4
15. gxf4 Rfd8 16. Rac1 c4 17. b4 cxb3 18. axb3 Nxb3 19. Rb1 Nc5 20. Rxb6 Nxa4
21. Rxb7 Bxe5 22. fxe5 Kf8 23. d6 exd6 24. exd6 Nc3 25. Rd2 a5 26. Rc7 Nb1 27.
Rb2 Rab8 28. Bb7 Na3 29. Rb3 1-0

[Event "1. Ernst Stoeckl Gedenkturnier"]
[Site "?"]
[Date "2002.02.04"]
[Round "3.1"]
[White "Ebner, Franz"]
[Black "Linnert, Peter"]
[Result "1-0"]
[WhiteElo "2000"]
[BlackElo "1891"]
[PlyCount "96"]
[EventDate "2002.??.??"]

1. e4 e5 2. Nf3 Nf6 3. d4 Nxe4 4. Bd3 d5 5. Nxe5 Be6 6. O-O Be7 7. Nc3 Nf6 8.
Re1 O-O 9. Bg5 c5 10. Bxf6 Bxf6 11. Qh5 h6 12. Ng6 Re8 13. Nxd5 Nc6 14. Nxf6+
Qxf6 15. d5 fxg6 16. Bxg6 Bf7 17. Bxf7+ Qxf7 18. Qxf7+ Kxf7 19. dxc6 bxc6 20.
Re3 Red8 21. Rae1 Rd2 22. Re7+ Kg6 23. R7e6+ Kf7 24. Re7+ Kg6 25. R7e2 Rad8 26.
f3 R8d7 27. Kf2 R2d5 28. Re6+ Kf7 29. Rxc6 Rg5 30. Rce6 Rb7 31. b3 c4 32. Rc6
cxb3 33. axb3 Rd7 34. Re2 a5 35. Rc4 h5 36. h4 Rgd5 37. Rf4+ Kg6 38. Re6+ Kh7
39. Rfe4 Rc7 40. c4 Rd2+ 41. Re2 Rd3 42. R6e3 Rd4 43. Re4 Rd3 44. R2e3 Rd2+ 45.
Kg3 a4 46. bxa4 Ra2 47. Rc3 Rxa4 48. c5 Rc6 1-0

[Event "1. Ernst Stoeckl Gedenkturnier"]
[Site "?"]
[Date "2002.02.04"]
[Round "3.1"]
[White "Rott, Jakob"]
[Black "Havlicek, Josef"]
[Result "0-1"]
[WhiteElo "1874"]
[BlackElo "2147"]
[PlyCount "76"]
[EventDate "2002.??.??"]

1. d4 d5 2. c4 e6 3. Nf3 Nf6 4. e3 c6 5. Bd3 Nbd7 6. O-O dxc4 7. Bxc4 b5 8. Bd3
Bb7 9. Qe2 a6 10. a3 c5 11. dxc5 Nxc5 12. Bc2 Qc7 13. Nc3 Ng4 14. e4 Bd6 15. h3
h5 16. b4 Nd7 17. Bb2 Nde5 18. Nd2 Ng6 19. Rac1 Bh2+ 20. Kh1 Be5 21. Nf3 Bxc3
22. Bb3 Qf4 23. Rxc3 Bxe4 24. Qd2 Bxf3 25. Qxf4 Bxg2+ 26. Kxg2 Nxf4+ 27. Kh1
Nf6 28. Rg3 Ng6 29. Rc1 h4 30. Rgg1 Ne4 31. Bxg7 Nxf2+ 32. Kh2 Rg8 33. Bf6 Ne4
34. Bxh4 Rh8 35. Bf6 Nxf6 36. Bxe6 fxe6 37. Rxg6 Kf7 38. Rg2 Rac8 0-1

[Event "1. Ernst Stoeckl Gedenkturnier"]
[Site "?"]
[Date "2002.02.05"]
[Round "4.1"]
[White "Dueckstein, Andreas"]
[Black "Kuba, Guenter"]
[Result "1-0"]
[WhiteElo "2297"]
[BlackElo "2293"]
[PlyCount "79"]
[EventDate "2002.??.??"]

1. e4 e5 2. Nf3 Nc6 3. Bb5 a6 4. Ba4 Nf6 5. O-O Be7 6. Re1 b5 7. Bb3 O-O 8. d3
d6 9. c3 Na5 10. Bc2 c5 11. Nbd2 Re8 12. Nf1 Bf8 13. Ne3 g6 14. h3 Bg7 15. Nh2
h5 16. Qf3 Be6 17. Nd5 Nxd5 18. exd5 Bd7 19. Qg3 Bf5 20. Bg5 f6 21. Bd2 Nc4 22.
Bc1 Nb6 23. Nf1 g5 24. Qf3 Qd7 25. Ng3 Bg6 26. Nxh5 Qf7 27. Nxg7 Kxg7 28. Bb3
c4 29. dxc4 bxc4 30. Be3 cxb3 31. Bxb6 Qb7 32. Be3 bxa2 33. Rxa2 Qb3 34. Rea1
Qb5 35. Bc1 e4 36. Qd1 Bf7 37. Ra5 Qb7 38. c4 Rec8 39. Qd4 Qb4 40. Bxg5 1-0

[Event "1. Ernst Stoeckl Gedenkturnier"]
[Site "?"]
[Date "2002.02.05"]
[Round "4.1"]
[White "Roth, Peter"]
[Black "Kilgus, Georg"]
[Result "1/2-1/2"]
[WhiteElo "2266"]
[BlackElo "2203"]
[PlyCount "116"]
[EventDate "2002.??.??"]

1. e4 d6 2. Nc3 Nf6 3. Bc4 g6 4. f4 c6 5. Bb3 d5 6. e5 Bg4 7. Nce2 Ne4 8. d3
Nc5 9. h3 Bxe2 10. Qxe2 e6 11. Nf3 h5 12. Be3 h4 13. c3 Nxb3 14. axb3 c5 15.
O-O Nc6 16. Qf2 b6 17. d4 Na5 18. Nd2 c4 19. bxc4 dxc4 20. Ne4 Be7 21. Qf3 Qd5
22. Ra4 Rc8 23. Bf2 Kf8 24. Raa1 Kg7 25. Rae1 Nb3 26. Qg4 Qd8 27. Re2 Rh5 28.
Ng5 Bxg5 29. fxg5 Qxg5 30. Qxg5 Rxg5 31. Bxh4 Rf5 32. Bf6+ Kh6 33. Rfe1 g5 34.
Re4 Rg8 35. Rg4 Rg6 36. Kh2 a5 37. h4 gxh4 38. Rxh4+ Rh5 39. Ree4 Rg8 40. Kh3
b5 41. g4 Rxh4+ 42. Kxh4 Kg6 43. Kg3 Nc1 44. Kf3 Nd3 45. Re2 b4 46. Ke4 bxc3
47. bxc3 Rb8 48. Ra2 Rb3 49. Rh2 Rb2 50. Rxb2 Nxb2 51. d5 exd5+ 52. Kxd5 Nd1
53. Kxc4 Ne3+ 54. Kb5 Nxg4 55. c4 Nxf6 56. exf6 Kxf6 57. c5 a4 58. c6 Ke7
1/2-1/2

[Event "1. Ernst Stoeckl Gedenkturnier"]
[Site "?"]
[Date "2002.02.05"]
[Round "4.1"]
[White "Kleiser, Gregor"]
[Black "Prager, Manfred"]
[Result "1-0"]
[WhiteElo "2177"]
[BlackElo "2063"]
[PlyCount "77"]
[EventDate "2002.??.??"]

1. d4 Nf6 2. c4 e5 3. dxe5 Ng4 4. Nf3 Nc6 5. e3 Ngxe5 6. Nxe5 Nxe5 7. Be2 Bb4+
8. Bd2 Bxd2+ 9. Qxd2 d6 10. O-O Qe7 11. Nc3 Be6 12. Nd5 Bxd5 13. cxd5 c5 14.
dxc6 bxc6 15. Rac1 Rc8 16. Rfd1 d5 17. Qxd5 cxd5 18. Rxc8+ Kd7 19. Rxh8 Qb4 20.
b3 Qa5 21. a4 Qc3 22. Rxd5+ Ke6 23. Rd4 Qc1+ 24. Bf1 f6 25. Rxh7 Kf7 26. b4 Kg8
27. Rhh4 g5 28. Rhe4 Kf7 29. b5 Kg6 30. Rxe5 fxe5 31. Rd6+ Kf7 32. Rd7+ Ke6 33.
Rxa7 Kd6 34. a5 g4 35. a6 e4 36. Rg7 Kc5 37. Rxg4 Qb1 38. a7 Qa1 39. Rg5+ 1-0

[Event "1. Ernst Stoeckl Gedenkturnier"]
[Site "?"]
[Date "2002.02.05"]
[Round "4.1"]
[White "Wiedner, Robert"]
[Black "Petroczi, Thomas"]
[Result "1/2-1/2"]
[WhiteElo "2185"]
[BlackElo "2025"]
[PlyCount "53"]
[EventDate "2002.??.??"]

1. c4 g6 2. Nc3 Bg7 3. d4 d6 4. g3 f5 5. Bg2 Nf6 6. Bg5 c6 7. h4 Nbd7 8. e4
fxe4 9. Nxe4 Nxe4 10. Bxe4 Nf6 11. Bxf6 exf6 12. Qd2 Bd7 13. Ne2 Qe7 14. Bf3
O-O-O 15. b4 Be6 16. Rc1 Kb8 17. b5 c5 18. O-O Qf7 19. Qd3 g5 20. Rfe1 Bh6 21.
hxg5 fxg5 22. Bg2 Rhf8 23. Rf1 Bg7 24. d5 Bf5 25. Be4 Bh3 26. Bg2 Bf5 27. Be4
1/2-1/2

[Event "1. Ernst Stoeckl Gedenkturnier"]
[Site "?"]
[Date "2002.02.05"]
[Round "4.1"]
[White "Ebner, Franz"]
[Black "Blatny, Frantisek"]
[Result "1/2-1/2"]
[WhiteElo "2000"]
[BlackElo "2245"]
[PlyCount "70"]
[EventDate "2002.??.??"]

1. c4 e5 2. Nc3 Nc6 3. g3 g6 4. Bg2 Bg7 5. d3 d6 6. Rb1 Bd7 7. b4 Qc8 8. b5 Nd8
9. a4 Rb8 10. a5 b6 11. axb6 axb6 12. Qa4 Ne7 13. Ba3 O-O 14. Ne4 Nb7 15. Bb4
f5 16. Nd2 Ra8 17. Qb3 Ra7 18. Ngf3 h6 19. e3 Nc5 20. Bxc5 bxc5 21. O-O Qe8 22.
Rfe1 g5 23. Nf1 Nc8 24. N3d2 f4 25. exf4 gxf4 26. Ne4 Qh5 27. f3 Nb6 28. Ra1
Rfa8 29. Rxa7 Rxa7 30. Qb2 Qe8 31. Ra1 Qa8 32. Rxa7 Qxa7 33. Qf2 Qa8 34. g4 Qd8
35. h4 Bf6 1/2-1/2

[Event "1. Ernst Stoeckl Gedenkturnier"]
[Site "?"]
[Date "2002.02.05"]
[Round "4.1"]
[White "Kuthan, Andreas"]
[Black "Titz, Herbert"]
[Result "1/2-1/2"]
[WhiteElo "2146"]
[BlackElo "1996"]
[PlyCount "46"]
[EventDate "2002.??.??"]

1. e4 c5 2. c3 Nf6 3. e5 Nd5 4. d4 cxd4 5. Nf3 e6 6. cxd4 Bb4+ 7. Bd2 Bxd2+ 8.
Nbxd2 d6 9. Bd3 Nf4 10. Bb5+ Bd7 11. Bxd7+ Qxd7 12. O-O dxe5 13. dxe5 Nc6 14.
Qa4 Ng6 15. Qe4 Rd8 16. Nc4 Qd5 17. Qxd5 Rxd5 18. Rfd1 Ke7 19. Rxd5 exd5 20.
Ne3 Rd8 21. Rd1 Ngxe5 22. Nxd5+ Kf8 23. Nxe5 Nxe5 1/2-1/2

[Event "1. Ernst Stoeckl Gedenkturnier"]
[Site "?"]
[Date "2002.02.05"]
[Round "4.1"]
[White "Srienz, Christian"]
[Black "Mueller, Roland"]
[Result "0-1"]
[WhiteElo "2145"]
[BlackElo "1942"]
[PlyCount "118"]
[EventDate "2002.??.??"]

1. d4 Nf6 2. Bg5 c5 3. Nf3 Qb6 4. Bxf6 gxf6 5. d5 d6 6. Nbd2 Nd7 7. Nc4 Qc7 8.
a4 Nb6 9. e4 f5 10. exf5 Bxf5 11. Ne3 Bd7 12. c3 e6 13. Ng5 Nxd5 14. Nxd5 exd5
15. Qxd5 O-O-O 16. Bb5 h6 17. Bxd7+ Rxd7 18. Ne4 Re7 19. O-O-O Re6 20. Qf5 Kb8
21. Nf6 Qe7 22. Nd5 Qg5+ 23. Ne3 Qxf5 24. Nxf5 Rg8 25. Rhg1 Rg4 26. Ne3 Rxa4
27. g4 Ra1+ 28. Kd2 Rxd1+ 29. Rxd1 Kc7 30. h4 Kc6 31. c4 Bg7 32. b3 Bd4 33. Rf1
Re4 34. Rg1 Rf4 35. Rg2 h5 36. gxh5 Rxh4 37. Rg5 f6 38. Rg6 Rxh5 39. Nd5 Rxd5
40. cxd5+ Kxd5 41. Kd3 b5 42. f3 c4+ 43. Kc2 a5 44. Rh6 cxb3+ 45. Kxb3 a4+ 46.
Kb4 Bc5+ 47. Kxb5 a3 48. Rh2 Kd4 49. f4 Ke4 50. Kc4 Kxf4 51. Kd5 Kg3 52. Rh6 f5
53. Rh8 f4 54. Ke4 f3 55. Kd3 f2 56. Rg8+ Kf4 57. Rf8+ Ke5 58. Re8+ Kd5 59. Re6
f1=Q+ 0-1

[Event "1. Ernst Stoeckl Gedenkturnier"]
[Site "?"]
[Date "2002.02.05"]
[Round "4.1"]
[White "Horvath, Maria"]
[Black "Reimitzer, Wolfgang"]
[Result "1-0"]
[WhiteElo "1986"]
[BlackElo "2023"]
[PlyCount "85"]
[EventDate "2002.??.??"]

1. d4 d5 2. c4 e6 3. Nc3 Nf6 4. cxd5 exd5 5. Bg5 Be7 6. e3 c6 7. Qc2 Nbd7 8.
Bd3 O-O 9. Nf3 Re8 10. O-O Nf8 11. Rab1 a5 12. a3 Bd6 13. Rfc1 Bg4 14. Nd2 h6
15. Bh4 g5 16. Bg3 h5 17. Nf1 h4 18. Bxd6 Qxd6 19. b4 Bd7 20. bxa5 g4 21. Rxb7
Rxa5 22. Na4 g3 23. hxg3 hxg3 24. f3 Kg7 25. Nb6 Rxa3 26. Nxd7 N8xd7 27. Bf5
Rc8 28. Bxd7 Nxd7 29. Qf5 Rc7 30. Rxc7 Qxc7 31. Qxd5 cxd5 32. Rxc7 Nf6 33. Nxg3
Kg6 34. Nf1 Ra1 35. g4 Ra2 36. Ng3 Nh7 37. f4 Nf6 38. Rc6 Kg7 39. Nf5+ Kg6 40.
Rd6 Rb2 41. Ne7+ Kg7 42. g5 Ne4 43. Nf5+ 1-0

[Event "1. Ernst Stoeckl Gedenkturnier"]
[Site "?"]
[Date "2002.02.05"]
[Round "4.1"]
[White "Janetschek, Karl"]
[Black "Steiner, Johann"]
[Result "1/2-1/2"]
[WhiteElo "2293"]
[BlackElo "2007"]
[PlyCount "22"]
[EventDate "2002.??.??"]

1. e4 d5 2. exd5 Qxd5 3. Nc3 Qa5 4. d4 Nf6 5. Nf3 Bf5 6. Ne5 e6 7. a3 c6 8. Bf4
Nd5 9. Nc4 Qd8 10. Nxd5 cxd5 11. Ne3 Bg6 1/2-1/2

[Event "1. Ernst Stoeckl Gedenkturnier"]
[Site "?"]
[Date "2002.02.05"]
[Round "4.1"]
[White "Havlicek, Josef"]
[Black "Hangweyrer, Roman"]
[Result "0-1"]
[WhiteElo "2147"]
[BlackElo "2081"]
[PlyCount "68"]
[EventDate "2002.??.??"]

1. d4 Nf6 2. c4 g6 3. Nc3 Bg7 4. e4 d6 5. Nf3 O-O 6. Be2 e5 7. O-O Nc6 8. d5
Ne7 9. b4 Nh5 10. c5 f5 11. Ng5 Nf4 12. Bc4 h6 13. Nf3 fxe4 14. Nxe4 Bg4 15.
Rb1 Nxg2 16. Rb3 Nh4 17. Be2 Nef5 18. Nxh4 Bxe2 19. Qxe2 Qxh4 20. Bb2 Qf4 21.
Rh3 Nd4 22. Bxd4 exd4 23. cxd6 cxd6 24. Re1 Rae8 25. f3 g5 26. Rg3 Qf5 27. Qg2
Qxd5 28. h4 d3 29. hxg5 d2 30. Rd1 Qd4+ 31. Kh1 Rxe4 32. fxe4 Rf2 33. gxh6 Rxg2
34. Rxg2 Qxe4 0-1

[Event "1. Ernst Stoeckl Gedenkturnier"]
[Site "?"]
[Date "2002.02.05"]
[Round "4.1"]
[White "Linnert, Peter"]
[Black "Rott, Jakob"]
[Result "1/2-1/2"]
[WhiteElo "1891"]
[BlackElo "1874"]
[PlyCount "42"]
[EventDate "2002.??.??"]

1. c4 e6 2. Nc3 d5 3. d4 Nf6 4. Bg5 Nbd7 5. e3 c6 6. Nf3 Be7 7. Bd3 O-O 8. O-O
dxc4 9. Bxc4 Nd5 10. Bxe7 Qxe7 11. e4 Nxc3 12. bxc3 Rd8 13. Qc2 e5 14. Rfe1
exd4 15. cxd4 Nf6 16. Qb3 b5 17. Bd3 h6 18. Rac1 Bb7 19. d5 cxd5 20. exd5 Bxd5
21. Qxb5 Qd7 1/2-1/2

[Event "1. Ernst Stoeckl Gedenkturnier"]
[Site "?"]
[Date "2002.02.06"]
[Round "5.1"]
[White "Roth, Peter"]
[Black "Dueckstein, Andreas"]
[Result "1/2-1/2"]
[WhiteElo "2266"]
[BlackElo "2297"]
[PlyCount "61"]
[EventDate "2002.??.??"]

1. e4 e5 2. Nf3 Nc6 3. Bc4 Bc5 4. b4 Bxb4 5. c3 Be7 6. d4 Bf6 7. dxe5 Nxe5 8.
Nxe5 Bxe5 9. Bxf7+ Kxf7 10. Qd5+ Kf8 11. Qxe5 d6 12. Qd4 Ne7 13. Bh6 Rg8 14.
Bg5 Qe8 15. Bxe7+ Qxe7 16. O-O Bd7 17. Nd2 Bc6 18. f4 Kf7 19. Nf3 h6 20. Rae1
Rgf8 21. Qc4+ Qe6 22. Ne5+ Kf6 23. Qb4 a5 24. Qa3 Bb5 25. Rf3 Rfe8 26. c4 dxe5
27. cxb5 exf4 28. Qc3+ Qe5 29. Rxf4+ Kg6 30. Qg3+ Kh7 31. Rf7 1/2-1/2

[Event "1. Ernst Stoeckl Gedenkturnier"]
[Site "?"]
[Date "2002.02.06"]
[Round "5.1"]
[White "Kilgus, Georg"]
[Black "Kleiser, Gregor"]
[Result "1/2-1/2"]
[WhiteElo "2203"]
[BlackElo "2177"]
[PlyCount "59"]
[EventDate "2002.??.??"]

1. Nf3 c5 2. c4 Nf6 3. g3 b6 4. Bg2 Bb7 5. O-O e6 6. d4 cxd4 7. Qxd4 Be7 8. Nc3
d6 9. b3 O-O 10. Rd1 a6 11. Ba3 Ne8 12. Ne4 Nc6 13. Qd2 d5 14. Bxe7 Nxe7 15.
Nc3 Nf6 16. cxd5 Nexd5 17. Na4 Qe7 18. Qd4 b5 19. Nc5 b4 20. Ne5 Rac8 21. Nxb7
Qxb7 22. Nc4 Qb8 23. Rd2 h6 24. e4 Nc3 25. e5 Nfd5 26. Nd6 Nb5 27. Nxb5 Qxb5
28. Bxd5 Rfd8 29. Qe4 Rxd5 30. Rxd5 1/2-1/2

[Event "1. Ernst Stoeckl Gedenkturnier"]
[Site "?"]
[Date "2002.02.06"]
[Round "5.1"]
[White "Kuba, Guenter"]
[Black "Petroczi, Thomas"]
[Result "1/2-1/2"]
[WhiteElo "2293"]
[BlackElo "2025"]
[PlyCount "30"]
[EventDate "2002.??.??"]

1. e4 c6 2. d4 d5 3. Nd2 dxe4 4. Nxe4 Bf5 5. Ng3 Bg6 6. h4 h6 7. Nh3 Nf6 8. Nf4
Bh7 9. c3 e6 10. Bc4 Bd6 11. Qe2 Qe7 12. Nd3 Nbd7 13. Ne5 O-O-O 14. b4 Nd5 15.
Bd2 f6 1/2-1/2

[Event "1. Ernst Stoeckl Gedenkturnier"]
[Site "?"]
[Date "2002.02.06"]
[Round "5.1"]
[White "Mueller, Roland"]
[Black "Horvath, Maria"]
[Result "1-0"]
[WhiteElo "1942"]
[BlackElo "1986"]
[PlyCount "81"]
[EventDate "2002.??.??"]

1. e4 e6 2. d4 d5 3. Nc3 Nf6 4. e5 Nfd7 5. f4 c5 6. Nf3 Nc6 7. Be3 a6 8. Qd2 b5
9. Nd1 cxd4 10. Nxd4 Nxd4 11. Bxd4 Bc5 12. c3 Bb7 13. Ne3 Rc8 14. Bd3 Qb6 15.
Bc2 b4 16. O-O a5 17. Rf3 g6 18. Re1 Nb8 19. f5 Bxd4 20. cxd4 gxf5 21. Bxf5 Rc4
22. Nxc4 dxc4 23. Be4 Bxe4 24. Rxe4 Nc6 25. Qf2 Rf8 26. Rh4 h5 27. Rhf4 Qc7 28.
h3 Qd7 29. g4 hxg4 30. hxg4 Nd8 31. g5 Rg8 32. Rg3 Qa4 33. b3 cxb3 34. axb3
Qa1+ 35. Kg2 a4 36. g6 fxg6 37. Qe2 Nc6 38. Qa6 Qc1 39. Qc8+ Ke7 40. Qc7+ Ke8
41. Qf7+ 1-0

[Event "1. Ernst Stoeckl Gedenkturnier"]
[Site "?"]
[Date "2002.02.06"]
[Round "5.1"]
[White "Blatny, Frantisek"]
[Black "Kuthan, Andreas"]
[Result "1/2-1/2"]
[WhiteElo "2245"]
[BlackElo "2146"]
[PlyCount "40"]
[EventDate "2002.??.??"]

1. Nf3 g6 2. g3 Bg7 3. Bg2 Nf6 4. c4 O-O 5. Nc3 c6 6. d3 d5 7. cxd5 cxd5 8. O-O
Nc6 9. Bd2 Bf5 10. Re1 Qd7 11. Rc1 Rac8 12. Qa4 Bg4 13. Bg5 Rfd8 14. Nd2 Bh3
15. Bh1 Be6 16. Qh4 Ne8 17. Nb3 b6 18. Qa4 d4 19. Nb1 Bd5 20. f3 Nd6 1/2-1/2

[Event "1. Ernst Stoeckl Gedenkturnier"]
[Site "?"]
[Date "2002.02.06"]
[Round "5.1"]
[White "Titz, Herbert"]
[Black "Hirsch, Adolf Jun"]
[Result "1/2-1/2"]
[WhiteElo "1996"]
[BlackElo "2071"]
[PlyCount "40"]
[EventDate "2002.??.??"]

1. e4 e6 2. d4 d5 3. exd5 exd5 4. Bd3 Bd6 5. Ne2 Nc6 6. c3 Bg4 7. Qc2 Nge7 8.
Bg5 Qd7 9. h3 Bf5 10. Nd2 O-O 11. Bf4 Bxd3 12. Qxd3 Rae8 13. O-O Ng6 14. Bxd6
Qxd6 15. Rfe1 Re7 16. Nf3 Rfe8 17. Qd2 f6 18. Ng3 Rxe1+ 19. Rxe1 Rxe1+ 20. Qxe1
Qe7 1/2-1/2

[Event "1. Ernst Stoeckl Gedenkturnier"]
[Site "?"]
[Date "2002.02.06"]
[Round "5.1"]
[White "Prager, Manfred"]
[Black "Ebner, Franz"]
[Result "1-0"]
[WhiteElo "2063"]
[BlackElo "2000"]
[PlyCount "57"]
[EventDate "2002.??.??"]

1. e4 g6 2. d4 Bg7 3. Nc3 c6 4. Nf3 d5 5. e5 h5 6. Bd3 Bf5 7. Qe2 e6 8. O-O Nd7
9. a4 Bg4 10. h3 Bxf3 11. Qxf3 a6 12. Ne2 c5 13. c3 Nh6 14. Nf4 Nf5 15. Bxf5
gxf5 16. Nxh5 Bf8 17. Nf4 Qh4 18. Bd2 Be7 19. a5 cxd4 20. cxd4 Bg5 21. Rfc1
Bxf4 22. Bxf4 b5 23. Qe3 Rg8 24. Rc7 Qd8 25. Rac1 Rg6 26. Qa3 Nf8 27. Qc5 Nh7
28. Bd2 Ng5 29. Bb4 1-0

[Event "1. Ernst Stoeckl Gedenkturnier"]
[Site "?"]
[Date "2002.02.06"]
[Round "5.1"]
[White "Hangweyrer, Roman"]
[Black "Janetschek, Karl"]
[Result "1/2-1/2"]
[WhiteElo "2081"]
[BlackElo "2293"]
[PlyCount "37"]
[EventDate "2002.??.??"]

1. Nf3 g6 2. c4 c5 3. Nc3 Nc6 4. e3 Nf6 5. d4 d6 6. d5 Nb8 7. Be2 Bg7 8. O-O
O-O 9. e4 e6 10. dxe6 Bxe6 11. Bf4 Ne8 12. Qd2 Nc6 13. Nb5 Ne5 14. Bxe5 Bxe5
15. Nxe5 dxe5 16. Rad1 Qe7 17. f4 exf4 18. Qxf4 f6 19. b3 1/2-1/2

[Event "1. Ernst Stoeckl Gedenkturnier"]
[Site "?"]
[Date "2002.02.06"]
[Round "5.1"]
[White "Reimitzer, Wolfgang"]
[Black "Srienz, Christian"]
[Result "1/2-1/2"]
[WhiteElo "2023"]
[BlackElo "2145"]
[PlyCount "131"]
[EventDate "2002.??.??"]

1. d4 Nf6 2. c4 c5 3. Nf3 g6 4. g3 Bg7 5. Bg2 O-O 6. O-O cxd4 7. Nxd4 Qb6 8.
Nb3 d6 9. Nc3 a6 10. h3 Nbd7 11. Be3 Qc7 12. Rc1 e6 13. Nd2 Rb8 14. Ba7 Ra8 15.
Be3 Ne8 16. b3 h6 17. Nf3 Kh7 18. Ne1 Rb8 19. Ba7 Ra8 20. Be3 Rg8 21. Qc2 Rb8
22. Ba7 Ra8 23. Be3 Ne5 24. f4 Nc6 25. Nf3 Bd7 26. h4 f5 27. Rfd1 Ne7 28. Bd2
Nf6 29. e4 Ng4 30. Be1 Ne3 31. Qd3 Nxd1 32. Rxd1 Bc6 33. Qxd6 Qxd6 34. Rxd6
fxe4 35. Ne5 Nf5 36. Rxe6 Rge8 37. Rxe8 Rxe8 38. Nxc6 Bxc3 39. Bxc3 bxc6 40.
Be5 Nxg3 41. Kf2 Nf5 42. Bxe4 Nxh4 43. Bxc6 Re7 44. Be4 Nf5 45. c5 Nd4 46. c6
Nb5 47. a4 Nc7 48. b4 h5 49. Kf3 Na8 50. b5 axb5 51. axb5 Ra7 52. Ke3 h4 53.
Bd6 Ra5 54. Bd3 h3 55. f5 gxf5 56. Bxf5+ Kg7 57. Be5+ Kf7 58. Bd3 Ra7 59. Bc4+
Ke7 60. Ke4 Ra4 61. Kd3 Nb6 62. Bg8 Rb4 63. Bh7 h2 64. Bxh2 Rh4 65. Bc7 Rxh7
66. Bxb6 1/2-1/2

[Event "1. Ernst Stoeckl Gedenkturnier"]
[Site "?"]
[Date "2002.02.06"]
[Round "5.1"]
[White "Linnert, Peter"]
[Black "Havlicek, Josef"]
[Result "0-1"]
[WhiteElo "1891"]
[BlackElo "2147"]
[PlyCount "70"]
[EventDate "2002.??.??"]

1. c4 e5 2. Nc3 Nf6 3. g3 Nc6 4. Bg2 Be7 5. e4 O-O 6. Nge2 d6 7. d3 Be6 8. h3
Qd7 9. f4 exf4 10. Nxf4 Rae8 11. O-O Bd8 12. b3 Qc8 13. d4 Bd7 14. Bb2 h6 15.
Kh2 Nh7 16. Nfd5 Ng5 17. g4 h5 18. Ne3 hxg4 19. Nxg4 Bxg4 20. hxg4 Re6 21. Rf5
Rh6+ 22. Kg1 g6 23. Rf4 Ne6 24. Rf2 Ncxd4 25. Nd5 c5 26. Bf3 Bg5 27. Bc1 Qd8
28. Rh2 Rxh2 29. Kxh2 Kg7 30. Bb2 Rh8+ 31. Kg3 Bf6 32. Bg2 Be5+ 33. Kf2 Qh4+
34. Kf1 Qg3 35. Qe1 Qd3+ 0-1

[Event "1. Ernst Stoeckl Gedenkturnier"]
[Site "?"]
[Date "2002.02.07"]
[Round "6.1"]
[White "Kleiser, Gregor"]
[Black "Dueckstein, Andreas"]
[Result "0-1"]
[WhiteElo "2177"]
[BlackElo "2297"]
[PlyCount "114"]
[EventDate "2002.??.??"]

1. d4 e6 2. c4 Nf6 3. Nc3 Bb4 4. e3 Nc6 5. Nge2 d5 6. a3 Bxc3+ 7. Nxc3 O-O 8.
Be2 a6 9. b4 dxc4 10. Bxc4 e5 11. d5 Ne7 12. e4 Ng6 13. O-O c6 14. dxc6 bxc6
15. Be3 Qc7 16. Qb3 Nf4 17. Rfd1 Ne6 18. f3 Rb8 19. Na4 a5 20. Nc5 Re8 21. Rd3
Ra8 22. Rad1 axb4 23. axb4 Nxc5 24. bxc5 Rb8 25. Qa2 Be6 26. Rd6 Bxc4 27. Qxc4
Rbd8 28. Qa6 Rxd6 29. Rxd6 Rc8 30. Bd2 Nd7 31. Bb4 h6 32. Qd3 Nf8 33. Qc3 Re8
34. Ba5 Qb7 35. Bb6 Nd7 36. Qd2 Nf8 37. Qd1 Ra8 38. h3 Ra2 39. Rd8 Ra8 40. Bc7
f6 41. Kh2 Kh7 42. Rxa8 Qxa8 43. f4 Ne6 44. Qd7 Nxf4 45. h4 Qa2 46. Qf5+ Kh8
47. Qc8+ Qg8 48. Qd7 h5 49. Qd8 Qxd8 50. Bxd8 Nd3 51. Be7 Nf2 52. Kg3 Nxe4+ 53.
Kf3 Nc3 54. g4 hxg4+ 55. Kxg4 Kg8 56. h5 Kf7 57. Bd6 Ne4 0-1

[Event "1. Ernst Stoeckl Gedenkturnier"]
[Site "?"]
[Date "2002.02.07"]
[Round "6.1"]
[White "Mueller, Roland"]
[Black "Roth, Peter"]
[Result "0-1"]
[WhiteElo "1942"]
[BlackElo "2266"]
[PlyCount "38"]
[EventDate "2002.??.??"]

1. e4 e6 2. d4 d5 3. e5 c5 4. c3 Nc6 5. Nf3 Qb6 6. a3 c4 7. Nbd2 Na5 8. Be2 Bd7
9. O-O Ne7 10. Rb1 Nf5 11. Qc2 Be7 12. Bd1 Rc8 13. b4 cxb3 14. Nxb3 Nxb3 15.
Rxb3 Qc7 16. Rb1 Qxc3 17. Qxc3 Rxc3 18. Rxb7 Rxc1 19. Rxd7 Kxd7 0-1

[Event "1. Ernst Stoeckl Gedenkturnier"]
[Site "?"]
[Date "2002.02.07"]
[Round "6.1"]
[White "Petroczi, Thomas"]
[Black "Prager, Manfred"]
[Result "1-0"]
[WhiteElo "2025"]
[BlackElo "2063"]
[PlyCount "99"]
[EventDate "2002.??.??"]

1. d4 Nf6 2. Nf3 e6 3. Bg5 Be7 4. e3 Ne4 5. Bxe7 Qxe7 6. Nbd2 f5 7. Bd3 d5 8.
O-O O-O 9. Ne5 Nd7 10. Ndf3 c5 11. c3 c4 12. Be2 Nef6 13. b3 b5 14. a4 bxa4 15.
bxc4 Ne4 16. Qc2 dxc4 17. Bxc4 Nb6 18. Bd3 Bb7 19. c4 Rfc8 20. Rfc1 Ng5 21. Qe2
Nxf3+ 22. Nxf3 Rc7 23. c5 Rac8 24. Ba6 Nd7 25. Rcb1 Bxa6 26. Qxa6 Nb8 27. Qxa4
g5 28. Ne5 Nd7 29. Nc4 Rb8 30. Nd6 Ra8 31. Qa5 Nb8 32. Qa2 Kf8 33. Rb2 Nc6 34.
Rab1 Nd8 35. f3 a5 36. Rb8 Ra6 37. Nb7 Rxb7 38. R1xb7 Qxb7 39. Rxb7 Nxb7 40.
Qc4 Rc6 41. Qb5 Rc7 42. Qb6 Re7 43. c6 Nd6 44. Qxa5 Ne8 45. e4 fxe4 46. fxe4 h6
47. Qc5 Kf7 48. d5 exd5 49. exd5 Kf6 50. d6 1-0

[Event "1. Ernst Stoeckl Gedenkturnier"]
[Site "?"]
[Date "2002.02.07"]
[Round "6.1"]
[White "Kuthan, Andreas"]
[Black "Wiedner, Robert"]
[Result "1/2-1/2"]
[WhiteElo "2146"]
[BlackElo "2185"]
[PlyCount "66"]
[EventDate "2002.??.??"]

1. e4 c5 2. Nf3 e6 3. c3 Qa5 4. Na3 Nf6 5. e5 Nd5 6. Bc4 Nc6 7. O-O Nb6 8. Bb3
c4 9. Nxc4 Nxc4 10. Bxc4 Nxe5 11. Nxe5 Qxe5 12. d4 Qc7 13. Bb3 b6 14. Qf3 Bb7
15. Bf4 Bxf3 16. Bxc7 Bb7 17. Be5 Rc8 18. a4 Ba6 19. Rfe1 Bc4 20. Bxc4 Rxc4 21.
Bb8 a6 22. Ba7 Rc6 23. d5 Rc5 24. dxe6 fxe6 25. Bxb6 Rc4 26. Bd4 Kf7 27. b3 Rc7
28. b4 Be7 29. b5 axb5 30. axb5 Bf6 31. Bxf6 gxf6 32. Ra3 Rb8 33. Rb3 d5
1/2-1/2